Vývoj demografických ukazovateľov na Slovensku s dopadom na demografiu podnikov
Zmeny vyplývajúce z procesu demografického vývoja spoločnosti na Slovensku a podobne aj u všetkých európskych krajín a výzvy, ktorým sa bude čeliť v najbližšej dobe, najmä v dôsledku demografického starnutia. Východisková situácia Slovenska v podobe charakteru vekovej štruktúry a prechodu k dynamick...
Gespeichert in:
| 1. Verfasser: | |
|---|---|
| Format: | Buchkapitel |
| Sprache: | Slowakisch |
| Schlagworte: | |
| Tags: |
Keine Tags, Fügen Sie das erste Tag hinzu!
|
MARC
| LEADER | 00000naa$a2200000$$$4500 | ||
|---|---|---|---|
| 001 | 0280051 | ||
| 005 | 20240502074338.1 | ||
| 041 | 0 | |a slo | |
| 044 | |a SK | ||
| 245 | 1 | 0 | |a Vývoj demografických ukazovateľov na Slovensku s dopadom na demografiu podnikov |c Daniela Sivašová |
| 520 | |a Zmeny vyplývajúce z procesu demografického vývoja spoločnosti na Slovensku a podobne aj u všetkých európskych krajín a výzvy, ktorým sa bude čeliť v najbližšej dobe, najmä v dôsledku demografického starnutia. Východisková situácia Slovenska v podobe charakteru vekovej štruktúry a prechodu k dynamickému starnutiu v horizonte najbližších 10 – 15 rokov, keďže Slovensko zaznamenalo výrazný demografický rast v rokoch 1960 až 1989 (ročná pôrodnosť až 80 000 – 100 000 detí), čím je vysoký počet ľudí v produktívnom veku a ich vplyv na hospodárstvo možno označiť ako demografickú dividendu, ktorá však nie je dlhodobo udržateľným fenoménom, ale časovo obmedzeným. Starnutie obyvateľstva a vplyv na početnosť a štruktúru pracovnej sily v kontexte demografie podnikov. | ||
| 610 | 2 | 0 | |a demografia ekonomická |
| 610 | 2 | 0 | |a starnutie populácie |
| 610 | 2 | 0 | |a vek postproduktívny |
| 610 | 2 | 0 | |a pôrodnosť |
| 610 | 2 | 0 | |a reprodukcia obyvateľstva |
| 610 | 2 | 0 | |a štruktúra síl pracovných |
| 610 | 2 | 0 | |a vek produktívny |
| 610 | 2 | 0 | |a vývoj populačný |
| 610 | 2 | 0 | |a ukazovatele demografické |
| 610 | 2 | 0 | |a Slovensko |
| 100 | 1 | |a Sivašová, Daniela, 1955- | |